That's My Favorite Episode! Quiz Stats

 Plays Quiz Updated Mar 2, 2013

Challenge
Share
Tweet
Embed
Score 0/50 Timer 10:00
1 Play Today
% Correct
Friends
90.9%
Happy Days
88.1%
24
86.9%
The Big Bang Theory
86.3%
The X-Files
82.4%
M*A*S*H
81.2%
The Office
78.5%
Cheers
78%
Dallas
77.3%
Seinfeld
74.7%
Batman
73.1%
How I Met Your Mother
71.9%
Little House on the Prairie
71.7%
The Cosby Show
69.4%
I Love Lucy
68%
Scrubs
67.6%
WKRP in Cincinnati
67.3%
30 Rock
66.9%
The Waltons
65.3%
The Fugitive
64.7%
The Sopranos
64.1%
Gilmore Girls
64%
Battlestar Galactica
63.6%
The Odd Couple
63.6%
Frasier
61.9%
% Correct
CSI: Crime Scene Investigation
59.1%
The Twilight Zone
58.9%
Lost
58.1%
South Park
58%
Curb Your Enthusiasm
57.2%
Everybody Loves Raymond
56.9%
ER
56.7%
All in the Family
56.1%
Twin Peaks
55.8%
Star Trek
54.9%
Star Trek: The Next Generation
54.8%
Ellen
54.6%
Freaks and Geeks
53.8%
The Honeymooners
48.7%
Arrested Development
48.5%
Mad Men
47.7%
Alias
45.7%
The West Wing
44.4%
Buffy the Vampire Slayer
43.4%
St. Elsewhere
42.9%
Taxi
42.6%
The Wire
41.7%
Mary Tyler Moore
38.9%
The Dick Van Dyke Show
37.7%
The Simpsons
35.6%

You're not logged in!

Compare scores with friends on all Sporcle quizzes.
Join for Free
OR
Log In

You Might Also Like...

Show Comments

Extras

Top Quizzes Today


Score Distribution

Your Account Isn't Verified!

In order to create a playlist on Sporcle, you need to verify the email address you used during registration. Go to your Sporcle Settings to finish the process.

Report this User

Report this user for behavior that violates our Community Guidelines.

Details: